[Event "Leisure Knock-Out"]
[Site "SchemingMind.com"]
[Date "2008.06.20"]
[Round "-"]
[White "maro"]
[Black "Lazaro"]
[Result "0-1"]
[WhiteCountry "MEX"]
[BlackCountry "CUB"]
[WhiteElo "1326"]
[WhiteRD "61"]
[BlackElo "1648"]
[BlackRD "76"]
[GameID "160008"]

1. e4 e5 2. Nc3 Nf6 3. Bc4 Bc5 4. d3 d6 5. Nf3 Nc6 6. a3 Bg4 7. b4 Bd4 8. Bb2 d5 9. exd5 Nxd5 10. Nxd5 Bxb2
11. Rb1 Be6 12. Rxb2 Bxd5= 13. O-O Bxc4 14. dxc4 Qxd1 15. Rxd1 f6 16. Nh4 g6 17. b5 Na5 18. c5 c6 19. b6 axb6 20. Rxb6 Rd8
21. Re1 Kf7 22. g4 h6 23. Nf3 Rd7 24. Rb4 Rd5 25. c4 Rxc5 26. Nd2 Rd8 27. Ne4 Rxc4 28. g5 hxg5
0-1

[Event "Leisure Knock-Out"]
[Site "SchemingMind.com"]
[Date "2008.06.19"]
[Round "-"]
[White "Lazaro"]
[Black "maro"]
[Result "1-0"]
[WhiteCountry "CUB"]
[BlackCountry "MEX"]
[WhiteElo "1630"]
[WhiteRD "72"]
[BlackElo "1293"]
[BlackRD "67"]
[GameID "160016"]

1. d4 d5 2. c4 dxc4 3. e3 Bf5 4. Bxc4 e6 5. Nc3 c5 6. e4 Bg6 7. Nf3 cxd4 8. Bb5+ Nc6 9. Nxd4 Qa5 10. Nxc6 Qc7
11. Nb4+ Ke7 12. Nbd5+ exd5 13. Nxd5+ Kd8 14. Nxc7+ Kxc7 15. Qd7+ Kb6 16. Be3+ Bc5 17. Bxc5+ Kxc5 18. Rc1+ Kb4 19. Qxb7 Nf6 20. Bf1+ Ka5
21. Qb5#
1-0

[Event "Leisure Knock-Out"]
[Site "SchemingMind.com"]
[Date "2008.07.01"]
[Round "-"]
[White "the_pawn"]
[Black "egis"]
[Result "1-0"]
[WhiteCountry "USA"]
[BlackCountry "LTU"]
[WhiteElo "2159"]
[WhiteRD "111"]
[BlackElo "1989"]
[BlackRD "81"]
[GameID "161000"]

1. e4 c5 2. Nf3 d6 3. d4 cxd4 4. Nxd4 Nf6 5. Nc3 e6 6. Be3 Be7 7. f4 O-O 8. Qf3 Nc6 9. O-O-O Bd7 10. Be2 b6
11. e5 Nxd4 12. Bxd4 dxe5 13. fxe5 Ne8 14. Kb1 Nc7 15. Ne4 Nd5 16. c4 Nb4 17. Nf6+ Bxf6 18. exf6 e5 19. fxg7 Re8 20. Bc3 Nc6
21. Qh5 Rc8 22. Rhf1 Qe7 23. Rf3 Nd4 24. Bxd4 exd4 25. Bd3 f5 26. Rh3 Qxg7 27. Rg3 Qxg3 28. hxg3 Re7 29. g4 Ba4 30. Rh1 Rce8
31. Qh4 h6 32. gxf5 Re3 33. b3 Bd7 34. Qg4+ Kf8 35. Rxh6 Rh3 36. gxh3
1-0

[Event "Leisure Knock-Out"]
[Site "SchemingMind.com"]
[Date "2008.07.01"]
[Round "-"]
[White "egis"]
[Black "the_pawn"]
[Result "1-0"]
[WhiteCountry "LTU"]
[BlackCountry "USA"]
[WhiteElo "1985"]
[WhiteRD "77"]
[BlackElo "2156"]
[BlackRD "108"]
[GameID "161005"]

1. e4 c5 2. Nf3 d6 3. d4 cxd4 4. Nxd4 Nf6 5. Nc3 e6 6. Be2 Nc6 7. O-O Be7 8. b3 O-O 9. a4 e5 10. Nxc6 bxc6
11. Bc4 Nxe4 12. Nxe4 d5 13. Bd3 dxe4 14. Bxe4 Qc7 15. Be3 Ba6 16. c4 Rab8 17. Qc2 g6 18. Rfd1 f5 19. Bf3 e4 20. Be2 f4
21. Bd4 c5 22. Bc3 f3 23. Bf1 Bb7 24. gxf3 Rxf3 25. Bg2 Qf4 26. Bd2 Qh4 27. Be3 Bf6 28. Rab1 Be5 29. h3 Rxe3 30. fxe3 Qg3
31. Qf2 Qh2+ 32. Kf1 Rf8 33. Qxf8+ Kxf8 34. Rd7 Bc7 35. Rbd1 Bc6 36. Rxh7 Qe5 37. Rd2 Kg8 38. Rxc7 Qxc7 39. Kf2 Kg7 40. a5 Qxa5
41. Rd6 Qa2+ 42. Kf1 Be8 43. Re6 Bf7 44. Rxe4 Qxb3 45. Kf2 a5 46. Re7 Qxc4 47. Ra7
1-0

[Event "Leisure Knock-Out"]
[Site "SchemingMind.com"]
[Date "2008.08.01"]
[Round "-"]
[White "agrillage"]
[Black "mmccaffe"]
[Result "1-0"]
[WhiteCountry "MLT"]
[BlackCountry "USA"]
[WhiteElo "2092"]
[WhiteRD "89"]
[BlackElo "1488"]
[BlackRD "51"]
[GameID "165558"]

1. e4 e5 2. Bc4 Bc5 3. d3 d6 4. Nf3 Nf6 5. O-O O-O 6. c3 Be6 7. Bb3 Bxb3 8. Qxb3 Bb6 9. Nbd2 Nc6 10. Nc4 Qd7
11. Bg5 h6 12. Bxf6 gxf6 13. Nh4 Na5 14. Nxa5 Bxa5 15. Nf5 Kh7 16. Qc2 Rg8 17. Qd2 Rg6 18. Rad1 Rag8 19. g3 d5 20. a4 c5
21. b4 cxb4 22. cxb4 Bb6 23. a5 Bd4 24. Qa2 dxe4 25. dxe4 Rc8 26. Rd2 Rc3 27. Rfd1 Rf3 28. Nxd4
1-0

[Event "Leisure Knock-Out"]
[Site "SchemingMind.com"]
[Date "2008.08.01"]
[Round "-"]
[White "mmccaffe"]
[Black "agrillage"]
[Result "0-1"]
[WhiteCountry "USA"]
[BlackCountry "MLT"]
[WhiteElo "1587"]
[WhiteRD "55"]
[BlackElo "2127"]
[BlackRD "88"]
[GameID "165568"]

1. e4 c5 2. Nf3 g6 3. d4 cxd4 4. Nxd4 Bg7 5. Nc3 Nc6 6. Be3 Nf6 7. f3 O-O 8. Qd2 d5 9. e5 Nxe5 10. O-O-O a6
11. f4 Nc6 12. h4 h5 13. Nf3 Qa5 14. Nxd5 Qxa2 15. c3 Bf5 16. Bd3 Rfd8 17. Bxf5 Rxd5
0-1

[Event "Leisure Knock-Out"]
[Site "SchemingMind.com"]
[Date "2008.08.12"]
[Round "-"]
[White "Konan_Kaddosh"]
[Black "Lazaro"]
[Result "1-0"]
[WhiteCountry "ITA"]
[BlackCountry "CUB"]
[WhiteElo "2617"]
[WhiteRD "65"]
[BlackElo "1547"]
[BlackRD "77"]
[GameID "167034"]

1. d4 d5 2. c4 c6 3. Nf3 e6 4. Nc3 Nf6 5. e3 Nbd7 6. Bd3 dxc4 7. Bxc4 b5 8. Bd3 a6 9. e4 c5 10. d5 c4
11. dxe6 fxe6 12. Bc2 Bb7 13. O-O Qc7 14. Ng5 Nc5 15. e5 Qxe5 16. Re1 Qd6 17. Qxd6 Bxd6 18. Be3 O-O 19. Rad1 Be7 20. Bxc5 Bxc5
21. Nxe6 Rfc8 22. Nxc5 Rxc5 23. f3
1-0

[Event "Leisure Knock-Out"]
[Site "SchemingMind.com"]
[Date "2008.08.13"]
[Round "-"]
[White "Lazaro"]
[Black "Konan_Kaddosh"]
[Result "0-1"]
[WhiteCountry "CUB"]
[BlackCountry "ITA"]
[WhiteElo "1584"]
[WhiteRD "75"]
[BlackElo "2598"]
[BlackRD "63"]
[GameID "167045"]

1. e4 c5 2. Nf3 Nc6 3. Bb5 e6 4. Bxc6 bxc6 5. O-O Ne7 6. d3 Ng6 7. c4 Be7 8. Nc3 d6 9. a3 O-O 10. b4 d5
11. bxc5 dxc4 12. dxc4 Bxc5 13. Qa4 Qf6 14. Bd2 Ne5 15. Nxe5 Qxe5 16. Rad1 Bb7 17. g3 Rad8 18. Qb3 Rd3 19. Kh1 Ba6 20. Qc2 Bxc4
0-1

[Event "Leisure Knock-Out"]
[Site "SchemingMind.com"]
[Date "2008.12.04"]
[Round "-"]
[White "MazetaFighter"]
[Black "riverriver"]
[Result "1-0"]
[WhiteCountry "GRE"]
[BlackCountry "USA"]
[WhiteElo "2004"]
[WhiteRD "61"]
[BlackElo "1700"]
[BlackRD "63"]
[GameID "181775"]

1. e4 e5 2. Nf3 Nc6 3. Bb5 a6 4. Ba4 Nf6 5. O-O Be7 6. Re1 b5 7. Bb3 O-O 8. c3 d6 9. h3 Bb7 10. d4 Nd7
11. Nbd2 Re8 12. Nf1 Bf6 13. Ng3 g6 14. Bh6 Na5 15. Bc2 exd4 16. Nxd4 Bg5 17. Bxg5 Qxg5 18. a4 Nc6 19. axb5 axb5 20. Qd3 Nde5
21. Qe3 Qxe3 22. fxe3 b4 23. Nxc6 Bxc6 24. cxb4 Rxa1 25. Rxa1 Nc4 26. Bb3 Nxb2 27. Rc1 Bxe4 28. Rxc7 Nd3 29. Bxf7+ Kh8 30. Bxe8 Bd5
31. e4 Nxb4 32. exd5 Nxd5 33. Rf7 Nc3 34. Rf3 Na2 35. Ra3 Nb4 36. Kf2 Nc2 37. Rd3 Nb4 38. Rxd6 Nc2 39. Ne4 Nb4 40. Rd7
1-0

[Event "Leisure Knock-Out"]
[Site "SchemingMind.com"]
[Date "2008.12.04"]
[Round "-"]
[White "riverriver"]
[Black "MazetaFighter"]
[Result "0-1"]
[WhiteCountry "USA"]
[BlackCountry "GRE"]
[WhiteElo "1700"]
[WhiteRD "71"]
[BlackElo "1990"]
[BlackRD "68"]
[GameID "181787"]

1. d4 d5 2. c4 e6 3. Nc3 Nf6 4. cxd5 exd5 5. Bg5 Be7 6. e3 c6 7. Qc2 Nbd7 8. Bd3 O-O 9. Nge2 Re8 10. O-O-O Nf8
11. Kb1 Ng6 12. h4 Nh5 13. f4 Bg4 14. Bf5 Bxf5 15. Qxf5 Qc8 16. Qxc8 Raxc8 17. f5 Nf8 18. g4 Nf6 19. Rhg1 N8d7 20. Bf4 Bb4
21. h5 Nb6 22. h6 g6 23. fxg6 fxg6 24. g5 Nh5 25. a3 Nxf4 26. exf4 Bxc3 27. Nxc3 Re3 28. Rge1 Rce8 29. Rxe3 Rxe3 30. Ka2 Nc4
31. Rc1 Rd3 32. Ne2 Rd2 33. Re1 Rxb2+ 34. Ka1 Rb3 35. a4 Ra3+ 36. Kb1 Rxa4 37. Nc1 Kf7 38. Nb3 Rb4 39. Kc2 b6 40. Kc3 a5
41. Nc1 Na3 42. Nd3 Nb5+ 43. Kc2 Nxd4+ 44. Kc1 Ra4 45. Kb2 b5 46. Ne5+ Kg8 47. Nxg6 Rb4+ 48. Ka2 Rc4 49. Re8+ Kf7 50. Re7+ Kxg6
0-1

[Event "Leisure Knock-Out"]
[Site "SchemingMind.com"]
[Date "2009.02.16"]
[Round "-"]
[White "TRFz"]
[Black "Orange Lion"]
[Result "1/2-1/2"]
[WhiteCountry "GBR"]
[BlackCountry "NED"]
[WhiteElo "2278"]
[WhiteRD "76"]
[BlackElo "2309"]
[BlackRD "91"]
[GameID "191799"]

1. d4 Nf6 2. c4 e6 3. Nc3 Bb4 4. a3 Bxc3+ 5. bxc3 O-O 6. f3 Ne8 7. e4 c5 8. Bd3 Nc6 9. Ne2 b6 10. O-O Ba6
11. Qa4 Na5 12. dxc5 d5 13. cxb6 Bxc4 14. b7 Rb8 15. Bxc4 Qb6+ 16. Nd4 Nxc4 17. Qc6 Qxc6 18. Nxc6 Rxb7 19. exd5 exd5 20. Re1 Kh8
21. Bg5 f6 22. Bf4 g5 23. Bg3=
1/2-1/2

[Event "Leisure Knock-Out"]
[Site "SchemingMind.com"]
[Date "2009.02.15"]
[Round "-"]
[White "Orange Lion"]
[Black "TRFz"]
[Result "1/2-1/2"]
[WhiteCountry "NED"]
[BlackCountry "GBR"]
[WhiteElo "2309"]
[WhiteRD "91"]
[BlackElo "2278"]
[BlackRD "76"]
[GameID "191806"]

1. Nf3 Nf6 2. c4 e6 3. Nc3 c5 4. g3 d5 5. cxd5 exd5 6. d4 Nc6 7. Bg2 Be7 8. O-O O-O 9. Bg5 Be6 10. dxc5 Bxc5
11. Bxf6 Qxf6 12. Nxd5 Qxb2 13. Nc7 Rad8 14. Qc1 Qxc1 15. Raxc1 b6 16. Nxe6 fxe6 17. e3 h6 18. Rc4 Rd6 19. Re4 Nb4 20. Ne5 Nxa2
21. Ra4 Nc3 22. Rxa7 Ne2+= 23. Kh1 Nc3=
1/2-1/2

[Event "Leisure Knock-Out"]
[Site "SchemingMind.com"]
[Date "2009.06.17"]
[Round "-"]
[White "Konan_Kaddosh"]
[Black "TRFz"]
[Result "1-0"]
[WhiteCountry "ITA"]
[BlackCountry "GBR"]
[WhiteElo "2626"]
[WhiteRD "74"]
[BlackElo "2246"]
[BlackRD "76"]
[GameID "208188"]

1. e4 c5 2. Nf3 g6 3. d4 cxd4 4. Nxd4 Bg7 5. c4 Nc6 6. Be3 Nf6 7. Nc3 Ng4 8. Qxg4 Nxd4 9. Qd1 Nc6 10. Rc1 O-O
11. Be2 d6 12. O-O Be6 13. Nd5 Qa5 14. a4 Rfc8 15. b4
1-0

[Event "Leisure Knock-Out"]
[Site "SchemingMind.com"]
[Date "2009.06.17"]
[Round "-"]
[White "TRFz"]
[Black "Konan_Kaddosh"]
[Result "0-1"]
[WhiteCountry "GBR"]
[BlackCountry "ITA"]
[WhiteElo "2166"]
[WhiteRD "78"]
[BlackElo "2618"]
[BlackRD "73"]
[GameID "208199"]

1. e4 c5 2. d3 Nc6 3. g3 Nf6 4. Bg2 d6 5. Nf3 g6 6. O-O Bg7 7. Nc3 O-O 8. h3 Bd7 9. Be3 b5 10. Nxb5 Rb8
11. Na3 Rxb2 12. Nc4 Rb8 13. Rb1 Qc7 14. Qd2 Be6 15. e5 dxe5 16. Nh4 Rxb1 17. Rxb1 e4 18. Bf4 Qd7 19. Ne5 Nxe5 20. Bxe5 Bxa2
21. Ra1 Be6 22. Qc3 g5
0-1

[Event "Leisure Knock-Out"]
[Site "SchemingMind.com"]
[Date "2009.10.08"]
[Round "-"]
[White "agrillage"]
[Black "MazetaFighter"]
[Result "1-0"]
[WhiteCountry "MLT"]
[BlackCountry "GRE"]
[WhiteElo "2177"]
[WhiteRD "104"]
[BlackElo "1931"]
[BlackRD "75"]
[GameID "222451"]

1. e4 e5 2. Bc4 Nf6 3. d4 exd4 4. Nf3 Nxe4 5. Qxd4 Nf6 6. Nc3 Nc6 7. Qh4 Be7 8. Bg5 d6 9. O-O-O O-O 10. Bd3 h6
11. Bxh6 gxh6 12. Qxh6 Ne5 13. Nxe5 dxe5 14. Be4 Qe8 15. Rd3 Nxe4 16. Nxe4
1-0

[Event "Leisure Knock-Out"]
[Site "SchemingMind.com"]
[Date "2009.10.08"]
[Round "-"]
[White "MazetaFighter"]
[Black "agrillage"]
[Result "0-1"]
[WhiteCountry "GRE"]
[BlackCountry "MLT"]
[WhiteElo "1931"]
[WhiteRD "75"]
[BlackElo "2177"]
[BlackRD "104"]
[GameID "222460"]

1. e4 c5 2. Nf3 g6 3. d4 cxd4 4. Nxd4 Bg7 5. c4 Nc6 6. Be3 Nf6 7. Nc3 O-O 8. Be2 d6 9. Nxc6 bxc6 10. O-O Nd7
11. Rc1 c5 12. f4 Rb8 13. b3 Bb7
0-1

[Event "Leisure Knock-Out"]
[Site "SchemingMind.com"]
[Date "2009.12.29"]
[Round "-"]
[White "Konan_Kaddosh"]
[Black "agrillage"]
[Result "1-0"]
[WhiteCountry "ITA"]
[BlackCountry "MLT"]
[WhiteElo "2644"]
[WhiteRD "78"]
[BlackElo "2186"]
[BlackRD "115"]
[GameID "232776"]

1. e4 c5 2. Nf3 g6 3. d4 cxd4 4. Nxd4 Bg7 5. Nc3 Nc6 6. Be3 Nf6 7. Bc4 Qa5 8. O-O O-O 9. Bb3 d6 10. h3 Bd7
11. f4 Nxd4 12. Bxd4 Bc6 13. Qd3 Rad8 14. Rad1 Nd7 15. Bxg7 Kxg7 16. Qd4+ Kg8 17. Rd2 Qc5 18. Rfd1 Rc8 19. Qf2 Qxf2+ 20. Kxf2 Nc5
21. Bd5 Bxd5 22. exd5 Nd7 23. Re2 Rfe8 24. g4 Nb6 25. Ne4 Na4 26. c4 Nc5 27. Nc3 a5 28. Re3 Rc7 29. h4 Kg7 30. b3 Rd7
31. Kf3 Rh8 32. Rde1 Re8 33. h5 Na6 34. Ne4 f6 35. Nxd6 Rxd6 36. Rxe7+ Rxe7 37. Rxe7+ Kh6 38. hxg6 Kxg6 39. f5+ Kh6 40. Rxb7 Nb4
41. Ke4 Nxa2 42. Kd4 Nb4 43. Rxb4 axb4 44. c5 Ra6 45. c6
1-0

[Event "Leisure Knock-Out"]
[Site "SchemingMind.com"]
[Date "2009.12.29"]
[Round "-"]
[White "agrillage"]
[Black "Konan_Kaddosh"]
[Result "0-1"]
[WhiteCountry "MLT"]
[BlackCountry "ITA"]
[WhiteElo "2186"]
[WhiteRD "115"]
[BlackElo "2644"]
[BlackRD "78"]
[GameID "232781"]

1. e4 c5 2. Nf3 Nc6 3. Nc3 e6 4. d4 cxd4 5. Nxd4 Nf6 6. Ndb5 d6 7. Bf4 e5 8. Bg5 a6 9. Na3 b5 10. Nd5 Be7
11. Bxf6 Bxf6 12. c4 b4 13. Nc2 Rb8 14. b3 Bg5 15. Be2 O-O 16. O-O Be6 17. Qd3 h6 18. a3 bxa3 19. Rxa3 a5 20. Rd1 Rb7
21. Qc3 Kh8 22. Ra4 Qb8 23. Rb1 Qa8 24. b4 f5 25. exf5 Bxf5 26. Rba1 Rbf7 27. Nce3 Be6 28. Qd3 Rxf2 29. Bf3 R8xf3 30. gxf3 Rxf3
31. Qe4 Bxe3+ 32. Nxe3 Rf4 33. Qd3 Nd4 34. Nd5 Rg4+ 35. Kf2 Qf8+ 36. Ke1 Bxd5 37. cxd5 Rg1+ 38. Kd2 Rg2+
0-1